El viaje académico 2018 /

Detalles Bibliográficos
Otros Autores: Parga, Andrea (contributor agent of text.)
Formato: Electrónico eBook
Lenguaje:español
Publicado: Cuenca, Ecuador : Universidad del Azuay, Casa Editora, [2018]
Materias:
Acceso en línea:Digitalia Hispánica

MARC

LEADER 00000nam a2200000Ii 4500
001 DIGUAZUAY0038
003 NyNyDIG
006 m o d
007 cr |||||||||||
008 251104s2018 ec o ob 000 0 spa d
035 |a (OCoLC)1548424528 
040 |a DGITA  |b eng  |e rda  |e pn  |c DGITA 
020 |a 9789942778130  |q eBook 
020 |z 9789942778123 
043 |a s-ec---  |a s-bl---  |a s-ck---  |a s-pe--- 
050 1 4 |a TR659 ebook 
245 1 3 |a El viaje académico 2018 /  |c Andrea Parga, curadora. 
264 1 |a Cuenca, Ecuador :  |b Universidad del Azuay, Casa Editora,  |c [2018] 
300 |a 1 online resource :  |b photographs. 
336 |a text  |b txt  |2 rdacontent 
337 |a computer  |b c  |2 rdamedia 
338 |a online resource  |b cr  |2 rdacarrier 
347 |a text file  |2 rdaft 
347 |b PDF 
504 |a Includes bibliographical references. 
588 0 |a Online resource; title from PDF title page (Digitalia, viewed November 4, 2025) 
650 0 |a Architecture  |x Study and teaching (Higher)  |z Ecuador. 
650 0 |a Architectural photography  |z Brazil. 
650 0 |a Architectural photography  |z Colombia 
650 0 |a Architectural photography  |z Peru. 
650 0 |a Students  |x Travel  |z Brazil. 
650 0 |a Students  |x Travel  |z Colombia. 
650 0 |a Students  |x Travel  |z Peru. 
650 0 |a Photography in education. 
700 1 |a Parga, Andrea,  |e contributor agent of text. 
791 2 |a Digitalia (Firm),  |e distributor. 
793 0 |g Digitalia eBook Collection:  |a Universidad del Azuay 
776 0 8 |i Print version:  |t Viaje académico 2018.  |d Cuenca, Ecuador : Universidad del Azuay, Casa Editora, [2018]  |z 9789942778123 
856 4 0 |3 Digitalia Hispánica  |u https://www.digitaliapublishing.com/a/133421/ 
910 |a Premium collection: 2025